| 000 | 00420nam a2200169Ia 4500 | ||
|---|---|---|---|
| 003 | GCL | ||
| 008 | 140319s9999 xx 000 0 eng d | ||
| 040 |
_aGCL / _cGCL |
||
| 082 | 0 | 4 |
_a843 _bB E |
| 100 | 1 | _aBLONDIN, ANTOINE | |
| 245 | 1 | 0 |
_aLES ENFANTS DU BON DIEU / _cBLONDIN, ANTOINE |
| 260 |
_a[S.N] : _bFOLIO ، _c1995 |
||
| 300 | _a212 P | ||
| 650 | 0 | 4 | _aLITERATURE |
| 650 | 0 | 4 | _aFRENCH LITERATURE |
| 942 |
_2ddc _cBK |
||
| 999 |
_c22557 _d22557 |
||